| 000 | 01505ngm a22003970a 4500 | ||
|---|---|---|---|
| 001 | PT38477 | ||
| 003 | AR-LpoUNG | ||
| 005 | 20210202000521.0 | ||
| 007 | vd cvaizq | ||
| 008 | 191001ss.f.||||ag |||||||||||||||||spa d | ||
| 037 | _c$15.75 | ||
| 040 |
_aAR-LpoUNG _bspa _cAR-LpoUNG _eaacr |
||
| 041 |
_aspa _afre |
||
| 044 | _aag | ||
| 082 | 0 | _a944.033 968con | |
| 100 | 1 |
_aGuitry, Sacha _edir. |
|
| 245 | 1 | 0 | _aSi Versailles contara |
| 260 |
_aBuenos Aires : _bBlackman, _cs.f.. |
||
| 300 | _a2 DVD (172 min.) : son., col. | ||
| 505 | 0 | _aGuión: Sacha Guitry. - Música: Jean Françaix. - Fotografia: Pierre Montazel. - Elenco: Jean Marais, Georges Marchal, Jean-Pierre Aumont, Brigitte Bardot, Danièle Delorme, Jean-Louis Barrault, Jeanne Boitel. | |
| 520 | _aDe una manera elegante y personal, Sacha Guitry nos cuenta la historia del palacio de Versalles desde su creación por Louis XIV hasta la Revolución Francesa. De María Antonieta a Rousseau y de D'Artagnan a Robespierre, el film reconstruye algunas de las escenas más importantes de la historia de Francia interpretadas por Claudette Colbert, Orson Welles o Jean Marais. | ||
| 650 | 4 | _aANALISIS HISTORICO | |
| 650 | 4 | _aCAMBIO SOCIAL | |
| 650 | 4 | _aDRAMA | |
| 650 | 4 | _aFRANCIA | |
| 650 | 4 | _aHISTORIA | |
| 650 | 4 | _aREVOLUCION | |
| 651 | 4 | _aFrancia | |
| 653 | _aCINE FRANCES | ||
| 653 | _aCOMEDIA | ||
| 653 | _aDOCUMENTALES | ||
| 653 | _aREVOLUCION FRANCESA | ||
| 653 | _aVIDEOS | ||
| 905 | _a38477 | ||
| 942 | _cDVD | ||
| 999 |
_c55022 _d55022 |
||